Statistics for Rare operas

Click here to take the quiz!

General Stats

  • This quiz has been taken 16 times
  • The average score is 20 of 50

Answer Stats

HintAnswer% Correct
La rondine (1917)Giacomo Puccini
92%
La finta semplice (1769)Wolfgang Amadeus Mozart
92%
Torvaldo e Dorliska (1815)Gioachino Rossini
85%
Der Zigeunerbaron (1885)Johann Strauss II
85%
Arabella (1933)Richard Strauss
85%
Alzira (1845)Giuseppe Verdi
77%
King Arthur (1691)Henry Purcell
77%
Die Feen (1833-f.r. 1888)Richard Wagner
77%
Iphigénie in Tauride (1779)Christoph Willibald Gluck
69%
Alfonso und Estrella (1822-first repr. 1854)Franz Schubert
69%
Zoraida di Granata (1821-22)Gaetano Donizetti
69%
Radamisto (1720)Georg Friedriech Händel
69%
Oedipus Rex (1926-27)Igor Stravinsky
62%
Sadko (1898)Nikolay Rimsky-Korsakov
62%
Mathis der Maler (1938)Paul Hindemith
62%
La Bohéme (1897)Ruggero Leoncavallo
62%
La voix humaine (1959)Francis Poulenc
54%
Sapho (1897)Jules Massenet
54%
Les Danaïdes (1784)Antonio Salieri
46%
Il barbiere di Siviglia, ovvero La precauzione inutile (1782)Giovanni Paisiello
46%
The Tender Land (1952-54)Aaron Copland
38%
Hamlet (1868)Ambroise Thomas
38%
Doktor Faust (1925)Ferruccio Busoni
38%
I promessi sposi (1856)Amilcare Ponchielli
31%
Scanderbeg (1718)Antonio Vivaldi
31%
Le Roi d'Ys (1875-1888)Édouard Lalo
31%
Loreley (1886-87)Alfredo Catalani
23%
Il Guarany (1870)Antônio Carlos Gomes
23%
Der Vampyr (1828)Heinrich August Marschner
23%
Cadmus et Hermione (1673)Jean-Baptiste Lully
23%
Jungfrun i tornet (1896)Jean Sibelius
23%
The Beggar's Opera (1728)Johann Christian Pepusch
23%
Salammbô (1863-66)Modest Mussorgsky
23%
I cavalieri di Ekebù (1925)Riccardo Zandonai
23%
La figlia di Iorio (1906)Alberto Franchetti
15%
Maskarade (1904)Carl Nielsen
15%
La vanità delusa (1784)Domenico Cimarosa
15%
La clemenza di Scipione (1778)Johann Christian Bach
15%
Germanico in Germania (1732)Nicola Porpora
15%
Elena da Feltre (1839)Saverio Mercadante
15%
Zenobia (1694)Tomaso Albinoni
15%
Troilus and Cressida (1954)William Walton
15%
Beatrix Cenci (1971)Alberto Ginastera
8%
Kamenny gost' (The Stone Guest) (1866-69)Aleksandr Dargomyzhsky
8%
Alessandro Stradella (1844)Friedrich von Flotow
8%
Ginevra di Scozia (1801)Johann Simon Mayr
8%
Stradella (1837)Louis Niedermeyer
8%
Il cappello di paglia di Firenze (1955)Nino Rota
8%
Abesalom da Eteri (1919)Zacharia Paliashvili
8%
L'Aiglon (1937)Arthur Honegger
0%

Score Distribution

Percentile by Number Answered

Percent of People with Each Score

Your Score History

You have not taken this quiz